Айя : (Record no. 295605)
[ view plain ]
| 000 -LEADER | |
|---|---|
| fixed length control field | 00697nam a2200205 u 4500 |
| 001 - CONTROL NUMBER | |
| control field | 000817643 |
| 003 - CONTROL NUMBER IDENTIFIER | |
| control field | AM-YeHGA |
| 005 - DATE AND TIME OF LATEST TRANSACTION | |
| control field | 20250617144525.0 |
| 008 - FIXED-LENGTH DATA ELEMENTS--GENERAL INFORMATION | |
| fixed length control field | 110617s1973 ru r 000 0 rus d |
| 040 ## - CATALOGING SOURCE | |
| Original cataloging agency | AM-YeHGA |
| 041 1# - LANGUAGE CODE | |
| Language code of text/sound track or separate title | rus |
| Language code of original | lav |
| 090 ## - LOCALLY ASSIGNED LC-TYPE CALL NUMBER (OCLC); LOCAL CALL NUMBER (RLIN) | |
| -- | 297295 |
| 100 1# - MAIN ENTRY--PERSONAL NAME | |
| Personal name | Яунсудрабинь, Ян |
| 245 10 - TITLE STATEMENT | |
| Title | Айя : |
| Remainder of title | Трилогия / |
| Statement of responsibility, etc. | Ян Яунсудрабинь ; Пер. с латыш. Л. Блюмфельд, З. Федоровой. |
| 260 ## - PUBLICATION, DISTRIBUTION, ETC. | |
| Place of publication, distribution, etc. | Москва : |
| Name of publisher, distributor, etc. | Худож. лит., |
| Date of publication, distribution, etc. | 1973. |
| 300 ## - PHYSICAL DESCRIPTION | |
| Extent | 383 с. |
| 653 0# - INDEX TERM--UNCONTROLLED | |
| Uncontrolled term | Латышская литература |
| 700 1# - ADDED ENTRY--PERSONAL NAME | |
| Personal name | Блюмфельд, Л. |
| Relator term | пер. |
| Relationship | trl |
| 700 1# - ADDED ENTRY--PERSONAL NAME | |
| Personal name | Федорова, З. |
| Relator term | пер. |
| Relationship | trl |
| Withdrawn status | Lost status | Damaged status | Not for loan | Collection | Home library | Current library | Date acquired | Total checkouts | Full call number | Barcode | Date last seen | Price effective from | Koha item type | Public note |
|---|---|---|---|---|---|---|---|---|---|---|---|---|---|---|
| General | Fundamental Scientific Library | Fundamental Scientific Library | 29/12/2016 | PII/305690 | FL0193129 | 29/12/2016 | 29/12/2016 | Գրքեր / Books | 30 Days Loan |
ՀՀ Գիտությունների ազգային ակադեմիայի հիմնարար գիտական գրադարան = Fundamental Scientific Library of NAS RA
All site content, except where otherwise noted, is licensed under a